000 00282nam a22001337a 4500
008 180306b xxu||||| |||| 00| 0 eng d
020 _a9781269876537
041 _aeng
080 _a330.722
100 _a61
101 _aKON
245 _aAccounting
_cNoble, T
942 _2udc
_cBK
999 _c44150
_d44150